Tous les blasons des Pyrénées-Orientales - Statistiques

Statistiques générales
  • Ce quiz a été pris 8 fois
  • Le résultat moyen est 11 sur 177
Statistiques - réponses
Par images Réponse % Correct
Céret
67%
Perpignan
67%
Collioure
50%
Argelès-sur-Mer
33%
Banyuls-dels-Aspres
33%
Banyuls-sur-Mer
33%
Canet-en-Roussillon
33%
Elne
33%
Font-Romeu-Odeillo-Via
33%
Prades
33%
Rivesaltes
33%
Saint-Cyprien
33%
Saint-Estève
33%
Salses-le-Château
33%
Angoustrine-Villeneuve-des-Escaldes
17%
Baixas
17%
Bompas
17%
Cabestany
17%
Cerbère
17%
Claira
17%
Corneilla-de-Conflent
17%
Corneilla-del-Vercol
17%
Corneilla-la-Rivière
17%
Eus
17%
Le Barcarès
17%
Le Boulou
17%
Les Angles
17%
Peyrestortes
17%
Pézilla-de-Conflent
17%
Pézilla-la-Rivière
17%
Pia
17%
Port-Vendres
17%
Prats-de-Mollo-la-Preste
17%
Prats-de-Sournia
17%
Py
17%
Reynès
17%
Saint-Laurent-de-la-Salanque
17%
Saint-Paul-de-Fenouillet
17%
Tautavel
17%
Thuir
17%
Torreilles
17%
Vernet-les-Bains
17%
Villefranche-de-Conflent
17%
Villeneuve-de-la-Raho
17%
Villeneuve-la-Rivière
17%
Vinça
17%
Alénya
0%
Amélie-les-Bains-Palalda
0%
Ansignan
0%
Arboussols
0%
Arles-sur-Tech
0%
Ayguatébia-Talau
0%
Bages
0%
Baho
0%
Baillestavy
0%
Bélesta
0%
Bolquère
0%
Bouleternère
0%
Bourg-Madame
0%
Brouilla
0%
Calce
0%
Campoussy
0%
Caramany
0%
Cases-de-Pène
0%
Cassagnes
0%
Casteil
0%
Castelnou
0%
Catllar
0%
Caudiès-de-Fenouillèdes
0%
Codalet
0%
Corbère
0%
Corbère-les-Cabanes
0%
Dorres
0%
Enveitg
0%
Escaro
0%
Espira-de-Conflent
0%
Espira-de-l'Agly
0%
Estagel
0%
Estavar
0%
Estoher
0%
Évol
0%
Feilluns
0%
Fenouillet
0%
Formiguères
0%
Fosse
0%
Fourques
0%
Fuilla
0%
Ille-sur-Têt
0%
Joch
0%
La Cabanasse
0%
La Llagonne
0%
Lamanère
0%
Lansac
0%
Laroque-des-Albères
0%
Latour-de-Carol
0%
Latour-de-France
0%
Le Perthus
0%
Le Soler
0%
Lesquerde
0%
Le Tech
0%
Le Vivier
0%
Llauro
0%
Llo
0%
Llupia
0%
Los Masos
0%
Mantet
0%
Marquixanes
0%
Maureillas-las-Illas
0%
Maury
0%
Millas
0%
Molitg-les-Bains
0%
Montalba-le-Château
0%
Montbolo
0%
Montescot
0%
Montesquieu-des-Albères
0%
Montferrer
0%
Mont-Louis
0%
Montner
0%
Mosset
0%
Nahuja
0%
Néfiach
0%
Nyer
0%
Olette
0%
Oms
0%
Opoul-Périllos
0%
Ortaffa
0%
Osséja
0%
Palau-de-Cerdagne
0%
Palau-del-Vidre
0%
Passa
0%
Planèzes
0%
Pollestres
0%
Ponteilla
0%
Porta
0%
Porté-Puymorens
0%
Prugnanes
0%
Puyvalador
0%
Rabouillet
0%
Railleu
0%
Rasiguères
0%
Ria-Sirach
0%
Rodès
0%
Sahorre
0%
Saillagouse
0%
Saint-André
0%
Saint-Arnac
0%
Sainte-Léocadie
0%
Saint-Féliu-d'Amont
0%
Saint-Féliu-d'Avall
0%
Saint-Génis-des-Fontaines
0%
Saint-Hippolyte
0%
Saint-Jean-Lasseille
0%
Saint-Jean-Pla-de-Corts
0%
Saint-Marsal
0%
Saint-Nazaire
0%
Saint-Pierre-dels-Forcats
0%
Sauto
0%
Serdinya
0%
Serralongue
0%
Sorède
0%
Sournia
0%
Taillet
0%
Taurinya
0%
Théza
0%
Toulouges
0%
Trévillach
0%
Trilla
0%
Trouillas
0%
Ur
0%
Valcebollère
0%
Valmanya
0%
Villelongue-de-la-Salanque
0%
Villelongue-dels-Monts
0%
Villemolaque
0%
Vingrau
0%
Vira
0%
Vivès
0%
Aucun quiz correspondant
Distribution des résultats
% des personnes avec chaque résultat
Percentile par nombre de réponses
Votre historique - résultats
Vous n’avez pas pris ce quiz